| 000 | 00860nam a2200193 4500 | ||
|---|---|---|---|
| 001 | 121901 | ||
| 003 | ES-MaACL | ||
| 005 | 20250916063050.0 | ||
| 007 | t| | ||
| 008 | 070214s1904 sp r ||||1| spa d | ||
| 100 | 1 |
_aPosada, Adolfo, _d1860-1944 _993316 |
|
| 245 | 1 | 0 |
_aSocialismo y reforma social _b: Las fórmulas del marxismo, Materialismo histórico, El Capital de Marx, El factor económico, Socialistas y juristas, Socialismo y cuestion agraria, El deber social, El contrato de trabajo, La jornada de ocho horas, Legislación social, Las huelgas, Conciliación y arbitraje / _cpor Adolfo Posada. |
| 260 |
_aMadrid : _b[s.n.], _c1904 ( _fEst. tip. de Ricardo Fe) |
||
| 300 |
_a251 p. ; _c19 cm. |
||
| 650 | 7 |
_aProblemas sociales _2embne _916415 |
|
| 650 | 0 | 7 |
_aSocialismo _2embne _917147 |
| 852 |
_aES-MaACL _jD-4712 |
||
| 999 |
_c121901 _d121901 |
||